<?xml version="1.0" encoding="UTF-8"?><?xml-stylesheet type="text/xsl" href="static/style.xsl"?><OAI-PMH xmlns="http://www.openarchives.org/OAI/2.0/" xmlns:xsi="http://www.w3.org/2001/XMLSchema-instance" xsi:schemaLocation="http://www.openarchives.org/OAI/2.0/ http://www.openarchives.org/OAI/2.0/OAI-PMH.xsd"><responseDate>2026-04-29T05:37:41Z</responseDate><request verb="GetRecord" identifier="oai:repisalud.isciii.es:20.500.12105/26988" metadataPrefix="marc">https://repisalud.isciii.es/rest/oai/request</request><GetRecord><record><header><identifier>oai:repisalud.isciii.es:20.500.12105/26988</identifier><datestamp>2025-12-10T01:20:29Z</datestamp><setSpec>com_20.500.12105_26629</setSpec><setSpec>com_20.500.12105_5570</setSpec><setSpec>com_20.500.12105_2404</setSpec><setSpec>com_20.500.12105_2403</setSpec><setSpec>col_20.500.12105_26932</setSpec></header><metadata><record xmlns="http://www.loc.gov/MARC21/slim" xmlns:dcterms="http://purl.org/dc/terms/" xmlns:doc="http://www.lyncode.com/xoai" xmlns:xsi="http://www.w3.org/2001/XMLSchema-instance" xsi:schemaLocation="http://www.loc.gov/MARC21/slim http://www.loc.gov/standards/marcxml/schema/MARC21slim.xsd">
   <leader>00925njm 22002777a 4500</leader>
   <datafield ind2=" " ind1=" " tag="042">
      <subfield code="a">dc</subfield>
   </datafield>
   <datafield ind2=" " ind1=" " tag="720">
      <subfield code="a">Montealegre Suárez, Diana Paloma</subfield>
      <subfield code="e">author</subfield>
   </datafield>
   <datafield ind2=" " ind1=" " tag="720">
      <subfield code="a">Camargo Valderrama, Maira Alejandra</subfield>
      <subfield code="e">author</subfield>
   </datafield>
   <datafield ind2=" " ind1=" " tag="720">
      <subfield code="a">Salazar Rojas, Diana María</subfield>
      <subfield code="e">author</subfield>
   </datafield>
   <datafield ind2=" " ind1=" " tag="720">
      <subfield code="a">Cerón Polanco, María Carolina</subfield>
      <subfield code="e">author</subfield>
   </datafield>
   <datafield ind2=" " ind1=" " tag="720">
      <subfield code="a">Pérez, Claudia Yasmin</subfield>
      <subfield code="e">author</subfield>
   </datafield>
   <datafield ind2=" " ind1=" " tag="720">
      <subfield code="a">Hueso Garzón, Daniela Fernanda</subfield>
      <subfield code="e">author</subfield>
   </datafield>
   <datafield ind2=" " ind1=" " tag="260">
      <subfield code="c">2025-06-30</subfield>
   </datafield>
   <datafield ind2=" " ind1=" " tag="520">
      <subfield code="a">[EN] Introduction: Burnout syndrome is considered the physical and psychological fatigue suffered by workers due to their work activity. This syndrome is characterized by the presence of emotional exhaustion, depersonalization, and lack of personal fulfillment. Objetive: Therefore, the objective of this study was to identify the presence of Burnout Syndrome associated with the labor characteristics of health workers in Neiva-Colombia. Methodology: It was a study with a quantitative-cross-sectional approach, with a non-experimental design and correlational scope. It included an approximate population of 2,600 health workers from Neiva- Colombia, from the different clinics and hospitals in the same city. The criteria for inclusion were that the Health professionals be of the legal age. Also, they were currently working in clinics and hospitals in the city of Neiva. On the other hand, the professionals who did not sign the informed consent and did not answer questions on each of the tests were excluded. The instruments for Burnout Syndrome, is made up of 22 questions and evaluates the three dimensions of Burnout syndrome: Emotional exhaustion (nine), depersonalization (five statements), and professional fulfillment (eight statements). Results: Regarding the dimensions of Burnout, it was evidenced that 50% of health workers present emotional exhaustion, 60.2% present medium and high levels of Depersonalization, and 61.0% report having a low Personal Accomplishment. Conclusion: the burnout syndrome in the health professionals evaluated presents a more significant commitment to the Personal Realization dimension and depersonalization and emotional exhaustion. It is necessary to develop preventive medicine programs that mitigate this health problem. Keywords: Health, Occupational Health, Mental Health, Burnout, Psychological, Depersonalization, Disease. [ES] Introducción: Se considera síndrome de Burnout al cansancio físico y psíquico que sufren los trabajadores debido a su actividad laboral. Este síndrome se caracteriza por la presencia de agotamiento emocional, despersonalización y falta de realización personal. Objetivo: Por tanto, el objetivo de este estudio fue identificar la presencia del Síndrome de Burnout asociado a las características laborales de los trabajadores de la salud en Neiva-Colombia. Metodología: Fue un estudio con enfoque transversal cuantitativo, con diseño no experimental y alcance correlacional. Incluyó una población aproximada de 2.600 trabajadores de la salud de Neiva- Colombia, de las diferentes clínicas y hospitales de la misma ciudad. Los criterios de inclusión fueron que los profesionales de la Salud fueran mayores de edad. Asimismo, actualmente se encontraban laborando en clínicas y hospitales de la ciudad de Neiva. Por otro lado, se excluyeron los profesionales que no firmaron el consentimiento informado y no respondieron las preguntas de cada una de las pruebas. El instrumento para el Síndrome de Burnout, está compuesto por 22 preguntas y evalúa las tres dimensiones del síndrome de Burnout: Agotamiento emocional (nueve), despersonalización (cinco enunciados) y realización profesional (ocho enunciados). Resultados: En cuanto a las dimensiones del Burnout, se evidenció que el 50% de los trabajadores de la salud presenta agotamiento emocional, el 60,2% presenta niveles de Despersonalización medio y alto, y el 61,0% refiere tener una Realización Personal baja. Conclusión: el síndrome de burnout en los profesionales de la salud evaluados presenta compromiso más significativo en la dimensión Realización Personal y despersonalización y agotamiento emocional. Es necesario desarrollar programas de medicina preventiva que mitiguen este problema de salud.
Palabras clave: Salud, Salud Laboral, Salud Mental, Agotamiento Psicológico, Despersonalización, Enfermedad.</subfield>
   </datafield>
   <datafield ind1="8" ind2=" " tag="024">
      <subfield code="a">Med Segur Trab (Internet). 2025;71(280):177-185</subfield>
   </datafield>
   <datafield ind1="8" ind2=" " tag="024">
      <subfield code="a">1989-7790</subfield>
   </datafield>
   <datafield ind1="8" ind2=" " tag="024">
      <subfield code="a">https://hdl.handle.net/20.500.12105/26988</subfield>
   </datafield>
   <datafield ind1="8" ind2=" " tag="024">
      <subfield code="a">Medicina y Seguridad en el Trabajo [280]</subfield>
   </datafield>
   <datafield ind1="8" ind2=" " tag="024">
      <subfield code="a">156240044</subfield>
   </datafield>
   <datafield tag="653" ind2=" " ind1=" ">
      <subfield code="a">Health</subfield>
   </datafield>
   <datafield tag="653" ind2=" " ind1=" ">
      <subfield code="a">occupational health</subfield>
   </datafield>
   <datafield tag="653" ind2=" " ind1=" ">
      <subfield code="a">mental health</subfield>
   </datafield>
   <datafield tag="653" ind2=" " ind1=" ">
      <subfield code="a">burnout</subfield>
   </datafield>
   <datafield tag="653" ind2=" " ind1=" ">
      <subfield code="a">psychological</subfield>
   </datafield>
   <datafield tag="653" ind2=" " ind1=" ">
      <subfield code="a">depersonalization</subfield>
   </datafield>
   <datafield tag="653" ind2=" " ind1=" ">
      <subfield code="a">disease</subfield>
   </datafield>
   <datafield tag="653" ind2=" " ind1=" ">
      <subfield code="a">salud</subfield>
   </datafield>
   <datafield tag="653" ind2=" " ind1=" ">
      <subfield code="a">salud laboral</subfield>
   </datafield>
   <datafield tag="653" ind2=" " ind1=" ">
      <subfield code="a">salud mental</subfield>
   </datafield>
   <datafield tag="653" ind2=" " ind1=" ">
      <subfield code="a">agotamiento psicológico</subfield>
   </datafield>
   <datafield tag="653" ind2=" " ind1=" ">
      <subfield code="a">enfermedad</subfield>
   </datafield>
   <datafield ind2="0" ind1="0" tag="245">
      <subfield code="a">Burnout syndrome associated with occupational characteristics of health workers</subfield>
   </datafield>
</record></metadata></record></GetRecord></OAI-PMH>